01329 2200361 4500001002100000005001500021035002000036007000300056008004100059082001500100084001700115100002300132245022500155300004400380650001600424700003900440700004000479700004700519700004800566700002100614700003700635264005000672336002100722337003000743338002300773040002200796090002200818850001200840041001300852999002200865546005800887990002200945INLIS00000000088182020230914014416 a0010-0923000412ta230914s2023 yoia g ind d04223a362.11 a362.11 SUN b0 aSundariePengarang10aBuku 100 th RS Mata "Dr. Yap" :bpengabdian tanpa titik akhir /cSundari, Yulia Putri Ayuningdyah, Hentyn Drajad Rudyarwaty, Silverius Guntur Dwi Prihasraya, Muhammad Yusron Arif Dwi Laksono, Samsu, Fajrini Destama Putri a135 halaman :bgambar berwarna ;c25 cm 4aRumah sakit0 aYulia Putri AyuningdyahePengarang0 aHentyn Drajad RudyarwatyePengarang0 aSilverius Guntur Dwi PrihasrayaePengarang0 aMuhammad Yusron Arif Dwi LaksonoePengarang0 aSamsuePengarang0 aFajrini Destama PutriePengarang31aYogyakarta :bRumah Sakit Mata Dr. Yap,c2023 2rdacontentateks 2rdamediaatanpa perantara 2rdacarrieravolume aYOPDYOGbinderda aCB-D.11 2023-1975 aYOPDYOG aindgeng aCB-D.11/2023-1975 aTeks terdiri dari bahasa Indonesia dan bahasa Inggris aCB-D.11/2023-1975